Brain computer interface a jeho využitie

Saved in:
Bibliographic Details
Main Author: Rohutná, Žofia (Author)
Other Authors: Vargic, Radoslav (Thesis advisor)
Format: Manuscript Book
Language:Slovak
Published: Bratislava : STU v Bratislave FEI, 2024
Subjects:
Online Access:https://opac.crzp.sk/?fn=detailBiblioFormChildWASHC&sid=C1EFC3B1039AA8EF93E3F9AFAF84&seo=CRZP-detail-kniha
Tags: Add Tag
No Tags, Be the first to tag this record!

MARC

LEADER 00000ntm a22000003a 4500
001 stuzp96638
003 SK-STU
005 20250423144334.4
007 ta
008 150427s2015----xo-----f-mn---000-0-slo-d
040 |a STU  |b slo 
041 0 |a slo 
044 |a xo 
100 1 |a Rohutná, Žofia  |u 037000  |4 aut  |U FEI Fakulta elektrotechniky a informatiky  |T FEI Ústav multimediálnych informačných a komunikačných technológií  |X 104103  |U E070  |Y 818  |7 104103 
242 0 1 |a Usage of Brain Computer Intarface  |y eng 
245 1 0 |a Brain computer interface a jeho využitie 
260 |a Bratislava :  |b STU v Bratislave FEI,  |c 2024 
300 |a 59 s. 
650 4 |a brain computer interface  |2 slo 
650 4 |a predstava písania  |2 slo 
650 4 |a intrakortikány BCI  |2 slo 
650 4 |a elektroencefalografia  |2 slo 
650 4 |a konvolučná neurónová sieť  |2 slo 
650 4 |a brain-computer interface  |2 eng 
650 4 |a convolutional neural network  |2 eng 
650 4 |a intracortical BCI  |2 eng 
650 4 |a handwriting imagery  |2 eng 
650 4 |a electroencephalography  |2 eng 
700 1 |a Vargic, Radoslav  |u 037000  |k Z1  |4 ths  |U FEI Fakulta elektrotechniky a informatiky  |T FEI Ústav multimediálnych informačných a komunikačných technológií  |X 1918  |U E070  |Y 818  |7 A000001918 
856 4 |u https://opac.crzp.sk/?fn=detailBiblioFormChildWASHC&sid=C1EFC3B1039AA8EF93E3F9AFAF84&seo=CRZP-detail-kniha